000 00464nam a2200181Ia 4500
001 17413
005 20260306171515.0
008 260306s9999||||xx |||||||||||||| ||und||
041 _aESP
082 _a657.9042
_bC27
100 _aCapcha Carbajal, Hernán
_eAUT
245 0 _aEl ABC de la contabilidad simplificada:
_bpara microempresas
260 _c2009
300 _a143 páginas :
_c24 cm.
650 _aGEN
654 _aCCO
942 _cLIB
_dJUS
_fJUS
_2ddc
_n
999 _c17413
_d17413